000 00631nam a2200241Ia 4500
003 OSt
005 20220918175918.0
006 a|||||r|||| 00| 0
007 ta
008 220917b |||||||| |||| 00| 0 eng d
024 _a19,595
037 _cTextual
040 _aARTS
_cARTS
_beng
041 _2eng
_aeng
082 _aO:1K08:90P, K4(PD)
100 _aEmma Ronald David
_955164
245 0 _aMilton's grammar
260 _c1964
490 _aStudies in english litrature; 2
650 _aENGLISH LITERATURE
942 _hO:1K08:90P, K4(PD)
_cTEXL
_2CC
999 _c159500
_d159500